000 00421nam a2200181Ia 4500
001 5243
005 20260306145854.0
008 260306t2002||||xx |||||||||||||| ||spa||
041 _aESP
082 _a338.4791
_bB74
100 _aBorja Sole, Luis de
_eAUT
245 0 _aEl consumidor turístico
260 _c2002
300 _a207 páginas :
_c24 cm.
650 _aGEN
654 _aCAN
942 _cLIB
_dJUS
_fJUS
_2ddc
_n
999 _c5243
_d5243